[Event "Madrid-ch Previa A"]
[Site "Madrid ESP"]
[Date "2016.02.23"]
[Round "8.23"]
[White "Lucia Carpintero, Oscar"]
[Black "Marcelo De La Mata, Daniel"]
[Result "1-0"]
[WhiteElo "1675"]
[BlackElo "1623"]
[PlyCount "107"]
[EventDate "2016.02.08"]
[EventType "swiss"]
[EventRounds "9"]
[EventCountry "ESP"]
[SourceDate "2016.02.08"]

1. d4 Nf6 2. Bf4 d6 3. e3 Nbd7 4. h3 g6 5. Nf3 c6 6. Be2 e5 7. dxe5 dxe5 8. Bh2
Qe7 9. O-O Bg7 10. Nbd2 O-O 11. c3 Nd5 12. Rc1 N5b6 13. Nc4 Nxc4 14. Bxc4 Rd8
15. Qe2 e4 16. Nd4 Be5 17. b4 Bxh2+ 18. Kxh2 Ne5 19. Bb3 Qh4 20. f3 Rxd4 21.
exd4 Qf4+ 22. Kg1 Nxf3+ 23. gxf3 Bxh3 24. fxe4 Qg3+ 25. Kh1 Bxf1 26. Rxf1 Rf8
27. Qf3 Qh4+ 28. Kg2 Qg5+ 29. Kf2 Qd2+ 30. Kg1 Qg5+ 31. Kh2 Qh4+ 32. Kg2 Qg5+
33. Qg3 Qd2+ 34. Rf2 Qh6 35. Qf4 Qg7 36. Qf6 Qxf6 37. Rxf6 Kg7 38. e5 h6 39.
Kg3 Kg8 40. Kg4 Kg7 41. a4 Kg8 42. Rxg6+ Kh7 43. Rf6 Rg8+ 44. Kf4 Rg7 45. Rxf7
Rxf7+ 46. Bxf7 Kg7 47. Bh5 Kf8 48. Kf5 Ke7 49. c4 b6 50. d5 cxd5 51. cxd5 a5
52. bxa5 bxa5 53. d6+ Kd8 54. Kf6 1-0

[Event "Madrid-ch Previa A"]
[Site "Madrid ESP"]
[Date "2016.02.23"]
[Round "8.24"]
[White "Bellagamba, Pascal"]
[Black "Fernandez Martinez, Jose"]
[Result "1-0"]
[WhiteElo "1652"]
[BlackElo "1632"]
[PlyCount "101"]
[EventDate "2016.02.08"]
[EventType "swiss"]
[EventRounds "9"]
[EventCountry "ESP"]
[SourceDate "2016.02.08"]

1. Nf3 d5 2. b3 Nf6 3. Bb2 e6 4. d3 Bb4+ 5. Nbd2 O-O 6. g3 c6 7. Bg2 Nbd7 8.
O-O h6 9. e3 Re8 10. d4 Nf8 11. Ne5 N6d7 12. f4 Nxe5 13. fxe5 Ng6 14. c3 Be7
15. Rf2 Rf8 16. Qh5 Bd7 17. Raf1 Nh8 18. e4 Bg5 19. Qe2 Be7 20. Bc1 Qa5 21. Nb1
Qd8 22. h4 Kh7 23. Qd3 Kg8 24. Qe2 f6 25. exf6 Rxf6 26. Rxf6 Bxf6 27. e5 Be7
28. Qg4 Kh7 29. Rf3 Qg8 30. Bf1 Rf8 31. Bd3+ g6 32. Bf4 Rf7 33. Rf2 Kg7 34.
Bxg6 Nxg6 35. h5 Kh7 36. hxg6+ Qxg6 37. Qxg6+ Kxg6 38. Nd2 Bg5 39. Bxg5 Rxf2
40. Kxf2 hxg5 41. b4 Kf5 42. a4 g4 43. Ke3 b6 44. Nb1 a5 45. bxa5 bxa5 46. Na3
Bc8 47. c4 Ba6 48. cxd5 cxd5 49. Nb5 Bxb5 50. axb5 a4 51. Kd3 1-0

[Event "Madrid-ch Previa A"]
[Site "Madrid ESP"]
[Date "2016.02.23"]
[Round "8.26"]
[White "Veuthey Martinez, Eloy"]
[Black "Diaz Begonte, Manuel"]
[Result "0-1"]
[WhiteElo "1537"]
[BlackElo "1656"]
[PlyCount "60"]
[EventDate "2016.02.08"]
[EventType "swiss"]
[EventRounds "9"]
[EventCountry "ESP"]
[SourceDate "2016.02.08"]

1. d4 d5 2. Nf3 Nf6 3. e3 Bf5 4. c4 e6 5. Qb3 Nc6 6. c5 Rb8 7. Bb5 Nd7 8. Qa4
Be7 9. Bxc6 bxc6 10. Qxc6 O-O 11. Nc3 Bd3 12. Qa4 Qc8 13. Kd2 Bg6 14. h3 c6 15.
Ne2 e5 16. b4 Qc7 17. Bb2 a5 18. Nxe5 Rxb4 19. Qa3 Nxe5 20. dxe5 Bxc5 21. Rhc1
Qb6 22. Bc3 Rd8 23. Kd1 Rb5 24. Qa4 Bb4 25. Nd4 Bxc3 26. Nxb5 cxb5 27. Qh4 Bxa1
28. Rxa1 Rc8 29. Qe7 Qc5 30. Qxc5 Rxc5 0-1

[Event "Madrid-ch Previa A"]
[Site "Madrid ESP"]
[Date "2016.02.23"]
[Round "8.27"]
[White "Jaumandreu Llopis, Antonio"]
[Black "Algaba Traspuesto, Jose Antonio"]
[Result "0-1"]
[WhiteElo "1504"]
[BlackElo "1635"]
[PlyCount "52"]
[EventDate "2016.02.08"]
[EventType "swiss"]
[EventRounds "9"]
[EventCountry "ESP"]
[SourceDate "2016.02.08"]

1. e4 d5 2. exd5 Nf6 3. d4 Nxd5 4. Nf3 g6 5. c4 Nb6 6. Nc3 Bg7 7. Be3 O-O 8.
Be2 Bg4 9. h3 Bxf3 10. Bxf3 Nc6 11. Bxc6 bxc6 12. Qd3 e5 13. Rd1 exd4 14. Bxd4
Qe7+ 15. Kd2 Bxd4 16. Rhe1 Bxc3+ 17. Qxc3 Rad8+ 18. Kc2 Qh4 19. b3 Rxd1 20.
Rxd1 Qxf2+ 21. Kc1 Qxg2 22. Qf6 Qe4 23. h4 Qe6 24. Qc3 Re8 25. Kc2 Qe4+ 26. Kb2
Qe5 0-1

[Event "Madrid-ch Previa A"]
[Site "Madrid ESP"]
[Date "2016.02.23"]
[Round "8.28"]
[White "Ramos Antona, Enrique"]
[Black "Torres Alvarez, Augusto"]
[Result "1-0"]
[WhiteElo "1561"]
[BlackElo "1501"]
[PlyCount "117"]
[EventDate "2016.02.08"]
[EventType "swiss"]
[EventRounds "9"]
[EventCountry "ESP"]
[SourceDate "2016.02.08"]

1. Nf3 Nf6 2. d4 d5 3. c4 e6 4. e3 b6 5. cxd5 exd5 6. Bd3 Nbd7 7. O-O Be7 8.
Nc3 Bb7 9. a3 O-O 10. b4 h6 11. Bb2 a6 12. Rc1 c5 13. bxc5 bxc5 14. Ne2 c4 15.
Bb1 Rb8 16. Qc2 Re8 17. Nc3 Bd6 18. h3 Qe7 19. a4 Bc7 20. Ne2 Qe4 21. Qd2 Qe7
22. a5 Ba8 23. Bc3 Ne4 24. Bxe4 Qxe4 25. Rfe1 Nf6 26. Ne5 Qf5 27. Ng3 Qe6 28.
f3 Nd7 29. f4 f5 30. Rb1 Nf6 31. Rf1 Bd6 32. Bb4 Rec8 33. Bxd6 Qxd6 34. Rxb8
Rxb8 35. Nxf5 Qa3 36. Rc1 Rb2 37. Qe1 Qa2 38. Qg3 Rb7 39. Nxh6+ Kf8 40. Nf5 Qd2
41. Rf1 c3 42. Ng6+ Kg8 43. Nge7+ Rxe7 44. Nxe7+ Kf7 45. Nf5 g6 46. Nd6+ Kf8
47. Qe1 Qd3 48. Qd1 Qxe3+ 49. Kh1 Nh5 50. Rf3 Ng3+ 51. Kh2 Qd2 52. Qxd2 cxd2
53. Rd3 Ne2 54. Rxd2 Nc3 55. Rc2 Ne4 56. Nxe4 dxe4 57. Rc8+ Ke7 58. Rxa8 e3 59.
Rb8 1-0

[Event "Madrid-ch Previa A"]
[Site "Madrid ESP"]
[Date "2016.02.23"]
[Round "8.30"]
[White "Suarez Mencia, Roberto"]
[Black "Martin Rodriguez, Jose Luis"]
[Result "0-1"]
[WhiteElo "1448"]
[BlackElo "1354"]
[PlyCount "130"]
[EventDate "2016.02.08"]
[EventType "swiss"]
[EventRounds "9"]
[EventCountry "ESP"]
[SourceDate "2016.02.08"]

1. c4 Nf6 2. g3 e5 3. Bg2 d5 4. cxd5 Nxd5 5. e3 Nc6 6. Ne2 Be6 7. O-O Qd7 8.
Nbc3 Be7 9. d4 Nxc3 10. bxc3 Bd5 11. e4 Bc4 12. Re1 Bf6 13. d5 Ne7 14. Ba3 g5
15. Nc1 h5 16. Rb1 b6 17. d6 cxd6 18. Bxd6 Rd8 19. Rb4 b5 20. a4 a6 21. axb5
axb5 22. Nb3 Qxd6 23. Qxd6 Rxd6 24. Na5 O-O 25. Nxc4 bxc4 26. Bf1 Rfd8 27. Rbb1
Ng6 28. Bxc4 Nf8 29. Be2 h4 30. Bh5 Ne6 31. Rb7 R6d7 32. Rbb1 Be7 33. Bg4 Rd2
34. Be2 Bc5 35. Kf1 Rc2 36. Rbc1 Rxc1 37. Rxc1 Kf8 38. Rb1 Ke7 39. Rb7+ Rd7 40.
Rb8 Kf6 41. Rc8 Rc7 42. Rb8 Be7 43. Rb3 Nc5 44. Rb6+ Kg7 45. gxh4 gxh4 46. f3
Ne6 47. Rb5 Rxc3 48. Rxe5 Kg6 49. Rf5 Nd4 50. Re5 Nxe2 51. Kxe2 Bd6 52. Rb5
Bxh2 53. Rf5 Kg7 54. Rg5+ Kf6 55. Rf5+ Ke6 56. Rh5 Bg3 57. Ra5 Rc8 58. Ra1 Rh8
59. Kd3 h3 60. Ke3 h2 61. Rh1 Ke5 62. Ke2 Kf4 63. e5 Kxe5 64. Kf1 Kf4 65. Ke2
Re8+ 0-1

[Event "Madrid-ch Previa A"]
[Site "Madrid ESP"]
[Date "2016.02.23"]
[Round "8.31"]
[White "Ballesteros Jimenez, Miguel A"]
[Black "Enriquez Pastor, Jorge"]
[Result "1-0"]
[WhiteElo "1607"]
[BlackElo "1425"]
[PlyCount "147"]
[EventDate "2016.02.08"]
[EventType "swiss"]
[EventRounds "9"]
[EventCountry "ESP"]
[SourceDate "2016.02.08"]

1. e4 c6 2. d4 d5 3. exd5 cxd5 4. c4 Bf5 5. Nc3 Nf6 6. Bg5 Qa5 7. Bxf6 exf6 8.
Qf3 Bg6 9. Qxd5 Nc6 10. Qxa5 Nxa5 11. c5 a6 12. Nf3 Rd8 13. Rd1 Be7 14. Bd3 O-O
15. Bxg6 fxg6 16. O-O Rfe8 17. b4 Nc6 18. b5 axb5 19. Nxb5 Rc8 20. d5 Nb8 21.
d6 Bf8 22. d7 Nxd7 23. Rxd7 Rxc5 24. Rxb7 Rc2 25. Ra7 Bc5 26. Ra6 Rb2 27. Nfd4
h5 28. a4 Re4 29. Ne6 Bb4 30. Ra8+ Kh7 31. Nbc7 Rc2 32. a5 Rce2 33. a6 Re1 34.
g3 Rxe6 35. Nxe6 Rxe6 36. a7 Ra6 37. Rb1 Bc5 38. Rh8+ Kxh8 39. Rb8+ Kh7 40.
a8=Q Rxa8 41. Rxa8 g5 42. Kg2 Kg6 43. Kf3 g4+ 44. Ke2 Kf7 45. Ra5 Bd4 46. Rxh5
g5 47. Rh7+ Kg6 48. Rb7 f5 49. Rd7 Be5 50. Kd3 Kf6 51. Kc4 f4 52. Kd5 fxg3 53.
hxg3 Kf5 54. Rf7+ Bf6 55. Rf8 Kg6 56. Ke6 Bc3 57. Rc8 Bd4 58. Rc2 Ba7 59. Ke5
Bb8+ 60. Ke4 Kf6 61. Rc6+ Kf7 62. Kf5 Kg7 63. Kxg5 Be5 64. Kxg4 Bd4 65. f4 Bf2
66. f5 Bd4 67. Kh5 Bf6 68. Rxf6 Kxf6 69. g4 Kg7 70. g5 Kh7 71. f6 Kh8 72. f7
Kg7 73. g6 Kf8 74. Kh6 1-0

[Event "Madrid-ch Previa A"]
[Site "Madrid ESP"]
[Date "2016.02.23"]
[Round "8.32"]
[White "Navarro Corredor, Angel"]
[Black "Ojosnegros Martin, Angel"]
[Result "0-1"]
[WhiteElo "1456"]
[BlackElo "1524"]
[PlyCount "178"]
[EventDate "2016.02.08"]
[EventType "swiss"]
[EventRounds "9"]
[EventCountry "ESP"]
[SourceDate "2016.02.08"]

1. e4 e5 2. Nf3 Nc6 3. Bb5 Bc5 4. O-O Nge7 5. Nc3 a6 6. Bc4 d6 7. h3 h6 8. a3
O-O 9. Nd5 Be6 10. Qe2 Re8 11. d3 Bxd5 12. exd5 Nb8 13. Be3 Nd7 14. Qd2 Nf5 15.
Bxc5 dxc5 16. Rfe1 Qf6 17. c3 Rad8 18. Re2 Nb6 19. Rae1 c6 20. Rxe5 Rxe5 21.
Rxe5 cxd5 22. Ba2 Nh4 23. Qe2 Nxf3+ 24. gxf3 Kf8 25. d4 cxd4 26. cxd4 Rc8 27.
Qd2 Qg6+ 28. Kf1 Kg8 29. Bb3 Nc4 30. Bxc4 dxc4 31. d5 Qd6 32. Qf4 Qd7 33. Kg2
b5 34. d6 Re8 35. Qe4 Re6 36. Rxe6 fxe6 37. Qa8+ Kf7 38. Qxa6 e5 39. Qb6 Ke6
40. Qc5 g5 41. Kg3 Qxd6 42. Qxd6+ Kxd6 43. Kg4 Ke6 44. Kh5 Kf5 45. Kxh6 Kf4 46.
Kg6 Kxf3 47. Kxg5 e4 48. Kf5 e3 49. fxe3 Kxe3 50. Ke5 Kd3 51. h4 Kc2 52. h5
Kxb2 53. h6 c3 54. h7 c2 55. h8=Q c1=Q 56. Kd5+ Kxa3 57. Qh3+ Ka4 58. Qh4+ b4
59. Qd4 Kb3 60. Qd3+ Qc3 61. Qb1+ Ka3 62. Qf1 b3 63. Qf8+ Ka2 64. Qf2+ b2 65.
Qa7+ Qa3 66. Qf2 Ka1 67. Qf6 Qd3+ 68. Kc5 Ka2 69. Qf2 Qc3+ 70. Kd6 Ka1 71. Qa7+
Kb1 72. Qh7+ Kc1 73. Qh1+ Kc2 74. Ke7 b1=Q 75. Qh7+ Qd3 76. Qh2+ Kc1 77. Qg1+
Kd2 78. Qg4 Qb7+ 79. Kf6 Qd6+ 80. Kg5 Qbe7+ 81. Kh5 Qde5+ 82. Kh6 Q7f6+ 83. Kh7
Qef5+ 84. Qxf5 Qxf5+ 85. Kh8 Kd3 86. Kg7 Ke4 87. Kh8 Ke5 88. Kg8 Kf6 89. Kf8
Qc8# 0-1

[Event "Madrid-ch Previa A"]
[Site "Madrid ESP"]
[Date "2016.02.24"]
[Round "9.1"]
[White "Garcia Gutierrez, Jose"]
[Black "Perez Cameselle, Francisco Jose"]
[Result "1/2-1/2"]
[WhiteElo "1928"]
[BlackElo "1858"]
[PlyCount "36"]
[EventDate "2016.02.08"]
[EventType "swiss"]
[EventRounds "9"]
[EventCountry "ESP"]
[SourceDate "2016.02.08"]

1. b3 Nf6 2. Bb2 g6 3. g3 Bg7 4. Bg2 O-O 5. Nf3 d6 6. O-O e5 7. d3 Nc6 8. Nbd2
Qe7 9. a3 Nh5 10. Rb1 f5 11. e3 Nf6 12. c4 a5 13. Re1 Bd7 14. Qc2 Rae8 15. Rbd1
h6 16. Nb1 Kh7 17. Nc3 Be6 18. Nd2 Qd7 1/2-1/2

[Event "Madrid-ch Previa A"]
[Site "Madrid ESP"]
[Date "2016.02.24"]
[Round "9.2"]
[White "Valencia De Loma, Sergio"]
[Black "Ruiz Quevedo, Andres"]
[Result "1/2-1/2"]
[WhiteElo "1672"]
[BlackElo "1902"]
[PlyCount "69"]
[EventDate "2016.02.08"]
[EventType "swiss"]
[EventRounds "9"]
[EventCountry "ESP"]
[SourceDate "2016.02.08"]

1. Nf3 c5 2. g3 Nf6 3. Bg2 e6 4. d3 Be7 5. e4 O-O 6. O-O Nc6 7. Nbd2 Qc7 8. Re1
d6 9. Nf1 b6 10. Qe2 Bb7 11. h4 Rac8 12. N1h2 Rfe8 13. c3 Bf8 14. Bf4 Ne5 15.
Nxe5 dxe5 16. Bg5 Be7 17. Ng4 Nd7 18. Be3 f5 19. Nh2 Ba6 20. Rad1 f4 21. Bc1 c4
22. Qg4 Bd6 23. Qf3 Rf8 24. g4 cxd3 25. g5 Qc4 26. Bf1 Nc5 27. b4 Qxa2 28. bxc5
Bxc5 29. Bxd3 Bb7 30. Ng4 Qa5 31. Bc4 Rce8 32. Bd2 b5 33. Be2 Qa4 34. Nxe5 Bxe4
35. Qh5 1/2-1/2

[Event "Madrid-ch Previa A"]
[Site "Madrid ESP"]
[Date "2016.02.24"]
[Round "9.4"]
[White "Camacho Casado, Demetrio"]
[Black "Martin-Consuegra Barrilero, Francisco Javier"]
[Result "1/2-1/2"]
[WhiteElo "1909"]
[BlackElo "1805"]
[PlyCount "29"]
[EventDate "2016.02.08"]
[EventType "swiss"]
[EventRounds "9"]
[EventCountry "ESP"]
[SourceDate "2016.02.08"]

1. e4 d6 2. d4 Nf6 3. Nc3 e5 4. Nf3 Nbd7 5. Bc4 Be7 6. dxe5 Nxe5 7. Nxe5 dxe5
8. Qe2 O-O 9. h3 c6 10. a4 a5 11. O-O Qc7 12. Bg5 Ne8 13. Be3 g6 14. Bb3 Ng7
15. f4 1/2-1/2

[Event "Madrid-ch Previa A"]
[Site "Madrid ESP"]
[Date "2016.02.24"]
[Round "9.6"]
[White "Fernandez Rios, Jose Francisco"]
[Black "Lopez Heras, Arturo"]
[Result "1/2-1/2"]
[WhiteElo "1778"]
[BlackElo "1812"]
[PlyCount "20"]
[EventDate "2016.02.08"]
[EventType "swiss"]
[EventRounds "9"]
[EventCountry "ESP"]
[SourceDate "2016.02.08"]

1. d4 Nf6 2. c4 g6 3. Nc3 Bg7 4. e4 d6 5. Be2 O-O 6. Nf3 e5 7. d5 Nbd7 8. Be3
b6 9. b4 h6 10. O-O Nh5 1/2-1/2

[Event "Madrid-ch Previa A"]
[Site "Madrid ESP"]
[Date "2016.02.24"]
[Round "9.7"]
[White "Corredor San Jose, Antonio"]
[Black "Hernandez Garcia, Carlos"]
[Result "1-0"]
[WhiteElo "1792"]
[BlackElo "1737"]
[PlyCount "95"]
[EventDate "2016.02.08"]
[EventType "swiss"]
[EventRounds "9"]
[EventCountry "ESP"]
[SourceDate "2016.02.08"]

1. e4 c5 2. Nf3 d6 3. d4 cxd4 4. Nxd4 Nf6 5. f3 e6 6. Bb5+ Bd7 7. Qe2 a6 8. Bc4
b5 9. Bb3 g6 10. c3 Bg7 11. Be3 e5 12. Nc2 Nc6 13. O-O Na5 14. Rd1 Nxb3 15.
axb3 Qc7 16. Qd3 Ke7 17. Nb4 a5 18. Nd5+ Nxd5 19. Qxd5 Bc6 20. Qd3 Rhd8 21. c4
bxc4 22. bxc4 Bd7 23. b3 Bc6 24. Nd2 Kf8 25. Ra3 Kg8 26. Rda1 Ra6 27. b4 Raa8
28. Rxa5 Rdb8 29. Rxa8 Rxa8 30. Rxa8+ Bxa8 31. Qa3 Qb7 32. Qa5 h6 33. Qd8+ Kh7
34. Qxd6 Qc8 35. b5 f5 36. Qc5 Qd7 37. Qa7 Bb7 38. Qa5 f4 39. Bf2 Bc8 40. c5
Qb7 41. c6 Qb8 42. Bc5 Be6 43. b6 Qd8 44. Qb4 Qa8 45. b7 Qb8 46. Bd6 Qa7+ 47.
Qc5 Qa1+ 48. Nf1 1-0

[Event "Madrid-ch Previa A"]
[Site "Madrid ESP"]
[Date "2016.02.24"]
[Round "9.8"]
[White "Roldan Garcia, Angel"]
[Black "Cano Mercado, Francisco Manuel"]
[Result "1/2-1/2"]
[WhiteElo "1838"]
[BlackElo "1827"]
[PlyCount "36"]
[EventDate "2016.02.08"]
[EventType "swiss"]
[EventRounds "9"]
[EventCountry "ESP"]
[SourceDate "2016.02.08"]

1. e4 e6 2. d4 d5 3. exd5 exd5 4. Nf3 Be7 5. Bd3 Nf6 6. O-O O-O 7. Bg5 h6 8.
Bh4 Nc6 9. c3 Be6 10. Nbd2 Nd7 11. Bxe7 Nxe7 12. Re1 Bf5 13. Bxf5 Nxf5 14. Qc2
Nd6 15. Re2 Nf6 16. Ne5 Re8 17. Rae1 c6 18. Nb3 Qc7 1/2-1/2

[Event "Madrid-ch Previa A"]
[Site "Madrid ESP"]
[Date "2016.02.24"]
[Round "9.9"]
[White "Ruiz Sanchez, Roberto"]
[Black "Jimenez Jimenez, Darfo"]
[Result "1-0"]
[WhiteElo "1965"]
[BlackElo "1706"]
[PlyCount "37"]
[EventDate "2016.02.08"]
[EventType "swiss"]
[EventRounds "9"]
[EventCountry "ESP"]
[SourceDate "2016.02.08"]

1. e4 e6 2. d4 d5 3. Nd2 c5 4. exd5 Qxd5 5. Ngf3 Nf6 6. Bc4 Qd8 7. O-O Nbd7 8.
Qe2 Nb6 9. Bd3 Be7 10. dxc5 Bxc5 11. Rd1 Bd7 12. Ne5 Qc7 13. Ndf3 Nbd5 14. Bg5
O-O 15. c4 Nb6 16. Bxf6 gxf6 17. Qe4 f5 18. Qh4 f6 19. Qg3+ 1-0

[Event "Madrid-ch Previa A"]
[Site "Madrid ESP"]
[Date "2016.02.24"]
[Round "9.10"]
[White "Rueda Maria, Ramiro"]
[Black "Ortega Morales, Pedro"]
[Result "1/2-1/2"]
[WhiteElo "1891"]
[BlackElo "1751"]
[PlyCount "115"]
[EventDate "2016.02.08"]
[EventType "swiss"]
[EventRounds "9"]
[EventCountry "ESP"]
[SourceDate "2016.02.08"]

1. c4 e5 2. Nc3 Nf6 3. Nf3 Nc6 4. d4 e4 5. Ne5 Bb4 6. Nxc6 dxc6 7. e3 O-O 8.
Be2 c5 9. a3 cxd4 10. axb4 dxc3 11. bxc3 Qxd1+ 12. Bxd1 Be6 13. Be2 a6 14. O-O
Rfd8 15. f3 c6 16. Kf2 h6 17. b5 axb5 18. Rxa8 Rxa8 19. cxb5 cxb5 20. Bxb5 Ra5
21. Be2 Ra2 22. Rd1 exf3 23. gxf3 Nd5 24. Bd2 Nb6 25. e4 Bc4 26. Bxc4 Nxc4 27.
Ke1 f6 28. Bf4 Kh7 29. Rb1 Rb2 30. Rxb2 Nxb2 31. Ke2 g5 32. Bg3 Kg6 33. Ke3 f5
34. Kd4 f4 35. Be1 Kf6 36. c4 Ke6 37. h4 b6 38. hxg5 hxg5 39. Bf2 Na4 40. Kd3
Nb2+ 41. Kd4 Na4 42. Be1 Nc5 43. Bb4 Nd7 44. Kd3 Ne5+ 45. Ke2 Nxc4 46. Kd3 Ne5+
47. Ke2 g4 48. fxg4 Nxg4 49. Kf3 Ne5+ 50. Ke2 Nc6 51. Bc3 Ne7 52. Kf3 Ng6 53.
Bd2 Ke5 54. Bc3+ Ke6 55. Bd2 b5 56. Bxf4 Nxf4 57. Kxf4 b4 58. Ke3 1/2-1/2

[Event "Madrid-ch Previa A"]
[Site "Madrid ESP"]
[Date "2016.02.24"]
[Round "9.11"]
[White "Jimenez Gonzalez, Marcos"]
[Black "Lozano Sanchez, Jose Antonio"]
[Result "0-1"]
[WhiteElo "1807"]
[BlackElo "1883"]
[PlyCount "80"]
[EventDate "2016.02.08"]
[EventType "swiss"]
[EventRounds "9"]
[EventCountry "ESP"]
[SourceDate "2016.02.08"]

1. c4 e5 2. g3 Nf6 3. Bg2 Bc5 4. Nc3 a6 5. Nf3 d6 6. O-O Nc6 7. d3 O-O 8. Bg5
h6 9. Bxf6 Qxf6 10. Nd5 Qd8 11. a3 a5 12. Rb1 Ne7 13. Qc2 c6 14. Nxe7+ Qxe7 15.
b4 axb4 16. axb4 Bb6 17. b5 Bc5 18. bxc6 bxc6 19. Nh4 Ra6 20. e4 Be6 21. Ra1
Rfa8 22. Rxa6 Rxa6 23. Nf5 Qa7 24. g4 Ra2 25. Qb3 Bxf2+ 26. Kh1 Bc5 27. Ne7+
Kh7 28. g5 Ra3 29. g6+ fxg6 30. Qb1 Qxe7 31. Qb8 Bd4 32. Rf8 Ra1+ 33. Bf1 g5
34. Kg2 Qd7 35. Kg3 Kg6 36. Bg2 Rg1 37. Qa8 Bh3 38. Rf5 Bxf5 39. exf5+ Qxf5 40.
Qe8+ Qf7 0-1

[Event "Madrid-ch Previa A"]
[Site "Madrid ESP"]
[Date "2016.02.24"]
[Round "9.12"]
[White "Fernandez Aransay, Fernando"]
[Black "Marin Aso, Jose Luis"]
[Result "0-1"]
[WhiteElo "1800"]
[BlackElo "1846"]
[PlyCount "98"]
[EventDate "2016.02.08"]
[EventType "swiss"]
[EventRounds "9"]
[EventCountry "ESP"]
[SourceDate "2016.02.08"]

1. e4 c5 2. Nf3 e6 3. d4 cxd4 4. Nxd4 Nc6 5. Nxc6 bxc6 6. Bd3 Nf6 7. O-O d5 8.
Nc3 Be7 9. b3 O-O 10. Bb2 e5 11. Qe2 Bg4 12. f3 Bh5 13. exd5 cxd5 14. Qxe5 Qb6+
15. Kh1 Bd6 16. Qg5 h6 17. Qh4 Bg6 18. Bxg6 fxg6 19. Rad1 g5 20. Qd4 Qxd4 21.
Rxd4 Be5 22. Rd2 Rac8 23. Na4 Bxb2 24. Nxb2 Ne4 25. Rdd1 Rxc2 26. fxe4 Rxf1+
27. Rxf1 Rxb2 28. exd5 Rxa2 29. Rd1 Kf8 30. d6 Ke8 31. d7+ Kd8 32. Kg1 Ra3 33.
Kf2 Rxb3 34. g4 Rb7 35. Rd6 Rxd7 36. Ra6 Re7 37. Kg3 Kc8 38. h4 Kb7 39. Rg6
gxh4+ 40. Kxh4 a5 41. Kg3 a4 42. Rd6 Ka8 43. Kf4 Ra7 44. Ke5 Kb7 45. Rd2 a3 46.
Ra2 Kc6 47. Kf5 Kb5 48. Kg6 Kb4 49. Ra1 a2 0-1

[Event "Madrid-ch Previa A"]
[Site "Madrid ESP"]
[Date "2016.02.24"]
[Round "9.13"]
[White "Calvo De Castro, Miguel"]
[Black "Corral Aragon, Juan Maria"]
[Result "0-1"]
[WhiteElo "1773"]
[BlackElo "1841"]
[PlyCount "52"]
[EventDate "2016.02.08"]
[EventType "swiss"]
[EventRounds "9"]
[EventCountry "ESP"]
[SourceDate "2016.02.08"]

1. e4 c6 2. Nc3 d5 3. d4 dxe4 4. Nxe4 Bf5 5. Ng3 Bg6 6. Nf3 Nd7 7. Bc4 e6 8.
O-O Qc7 9. Re1 O-O-O 10. c3 Ngf6 11. b4 Bd6 12. Qb3 Nb6 13. a4 h5 14. Bg5 Bf4
15. Bxf4 Qxf4 16. a5 Nxc4 17. Qxc4 a6 18. Ne5 Ng4 19. f3 Nxe5 20. Rxe5 Rd5 21.
Rae1 h4 22. Nf1 h3 23. Rxd5 exd5 24. Qc5 hxg2 25. Kxg2 Bd3 26. Ng3 Qd2+ 0-1

[Event "Madrid-ch Previa A"]
[Site "Madrid ESP"]
[Date "2016.02.24"]
[Round "9.14"]
[White "Martin Garcia, Francisco Javier"]
[Black "Fernandez Bonilla, Miguel Arcangel"]
[Result "0-1"]
[WhiteElo "1553"]
[BlackElo "1829"]
[PlyCount "106"]
[EventDate "2016.02.08"]
[EventType "swiss"]
[EventRounds "9"]
[EventCountry "ESP"]
[SourceDate "2016.02.08"]

1. e4 c5 2. Nf3 e6 3. d4 cxd4 4. Nxd4 Nc6 5. Nc3 Nf6 6. f3 d5 7. Bb5 Bd7 8. Be3
dxe4 9. Nxc6 bxc6 10. Ba4 exf3 11. Qxf3 Nd5 12. O-O-O Be7 13. Ne4 f5 14. Nc5
Bxc5 15. Bxc5 Qh4 16. Bb3 Qf4+ 17. Qxf4 Nxf4 18. g3 Nd5 19. Rhe1 Kf7 20. c4 Nf6
21. Ba4 Rhd8 22. Bc2 Ng4 23. Bxf5 exf5 24. Re7+ Kg6 25. Rdxd7 Rxd7 26. Rxd7
Nxh2 27. Rd6+ Kh5 28. Rxc6 a6 29. Rc7 Kh6 30. Bd4 g5 31. Kc2 Nf1 32. Be5 Re8
33. Bd6 Rd8 34. c5 Ne3+ 35. Kb3 Rb8+ 36. Ka4 Rxb2 37. Bf8+ Kh5 38. Rxh7+ Kg4
39. Bd6 Rxa2+ 40. Kb3 Rd2 41. Kc3 Ra2 42. c6 Rc2+ 43. Kd4 Rxc6 44. Bc7 Nf1 45.
Rg7 Re6 46. Kd3 Rc6 47. Bd8 Rd6+ 48. Ke2 Nxg3+ 49. Ke1 Rxd8 50. Rg6 a5 51. Rc6
Rd4 52. Kf2 f4 53. Rc3 Ne4+ 0-1

[Event "Madrid-ch Previa A"]
[Site "Madrid ESP"]
[Date "2016.02.24"]
[Round "9.15"]
[White "Santamaria Baeza, Adolfo"]
[Black "Martinez Miura, Enrique"]
[Result "1-0"]
[WhiteElo "1918"]
[BlackElo "1653"]
[PlyCount "119"]
[EventDate "2016.02.08"]
[EventType "swiss"]
[EventRounds "9"]
[EventCountry "ESP"]
[SourceDate "2016.02.08"]

1. e4 e6 2. d4 d5 3. exd5 exd5 4. Nf3 Nf6 5. Be3 Bd6 6. Nbd2 O-O 7. c4 c6 8. c5
Bc7 9. Bd3 Nbd7 10. O-O h6 11. Re1 b6 12. b4 bxc5 13. bxc5 Rb8 14. Qa4 Bb7 15.
Qxa7 Qc8 16. Qa4 Ra8 17. Qc2 Ba6 18. Bf5 Qd8 19. Nf1 Re8 20. Ng3 Bc4 21. Bd3
Bxd3 22. Qxd3 Bxg3 23. hxg3 Ra4 24. a3 Qa8 25. Bd2 Rxe1+ 26. Nxe1 Ne4 27. Nc2
Ndf6 28. Be1 Qb8 29. Nb4 Qa8 30. Qb3 Ng5 31. Nc2 Ne6 32. Bb4 Ne4 33. Qd3 Qd8
34. Rb1 g6 35. Bd2 Kg7 36. Be3 Rc4 37. Nb4 Qa8 38. Rc1 Rxc1+ 39. Bxc1 Qa4 40.
Kf1 Kg8 41. Ke1 h5 42. Bf4 Nxf4 43. gxf4 Qa8 44. f3 Ng3 45. Kf2 Nf5 46. g4 hxg4
47. fxg4 Ng7 48. Kf3 Qa4 49. Ke3 Qa8 50. Kd2 Qa4 51. Kc1 Kf8 52. Kb2 Ne8 53. g5
Ng7 54. Qh3 Ke7 55. Qc8 Qb5 56. Qxc6 Qe2+ 57. Nc2 Qc4 58. Qb7+ Kf8 59. c6 Ne6
60. Qb4+ 1-0

[Event "Madrid-ch Previa A"]
[Site "Madrid ESP"]
[Date "2016.02.24"]
[Round "9.16"]
[White "Viñas Lopez, Carlos"]
[Black "Lucia Carpintero, Oscar"]
[Result "1-0"]
[WhiteElo "1913"]
[BlackElo "1675"]
[PlyCount "35"]
[EventDate "2016.02.08"]
[EventType "swiss"]
[EventRounds "9"]
[EventCountry "ESP"]
[SourceDate "2016.02.08"]

1. d4 Nf6 2. Bg5 d5 3. Bxf6 gxf6 4. c4 c6 5. e3 Bg7 6. Nc3 O-O 7. cxd5 cxd5 8.
Bd3 e6 9. Qh5 h6 10. g4 b6 11. h4 Ba6 12. Bxa6 Nxa6 13. Nf3 Re8 14. g5 hxg5 15.
hxg5 e5 16. gxf6 Qxf6 17. Nxe5 Nb4 18. Qh7+ 1-0

[Event "Madrid-ch Previa A"]
[Site "Madrid ESP"]
[Date "2016.02.24"]
[Round "9.17"]
[White "Vazquez Cabeza, Isaac"]
[Black "Bellagamba, Pascal"]
[Result "1/2-1/2"]
[WhiteElo "1724"]
[BlackElo "1652"]
[PlyCount "114"]
[EventDate "2016.02.08"]
[EventType "swiss"]
[EventRounds "9"]
[EventCountry "ESP"]
[SourceDate "2016.02.08"]

1. c4 Nf6 2. Nc3 g6 3. g3 Bg7 4. Bg2 c6 5. Nf3 d6 6. O-O e5 7. d3 Na6 8. Bg5 h6
9. Bd2 O-O 10. Qc1 Kh7 11. Rb1 Bd7 12. h3 Nc7 13. a4 Ne6 14. b4 a6 15. b5 Nh5
16. bxa6 bxa6 17. Ne4 Qe7 18. Qe1 a5 19. Be3 c5 20. Nc3 Bc6 21. Nb5 Qd7 22. Bd2
Ra6 23. Nc3 f5 24. e3 Qd8 25. Nb5 Re8 26. Bc3 Re7 27. Kh2 Qa8 28. Nh4 Bxg2 29.
Nxg2 g5 30. Qd1 Nf6 31. f4 exf4 32. exf4 g4 33. h4 Qc6 34. Qd2 Qa8 35. Ne3 Kg6
36. Bxf6 Bxf6 37. Nxg4 Bd4 38. Rbe1 Qe8 39. Qe2 Qd7 40. h5+ Kg7 41. Nxd4 cxd4
42. Qg2 Qe8 43. Qd5 Qxh5+ 44. Kg2 Qg6 45. Rg1 Rb6 46. Rxe6 Qxe6 47. Qxd4+ Kh7
48. Nf6+ Kg6 49. Qxb6 Qe2+ 50. Kh3 Kxf6 51. Qd4+ Kg6 52. Qxd6+ Re6 53. Qd5 Qh5+
54. Kg2 Qe2+ 55. Kh3 Qh5+ 56. Kg2 Qe2+ 57. Kh3 Qh5+ 1/2-1/2